Portál interných aplikácií telekomunikačného operátora

Gespeichert in:
Bibliographische Detailangaben
1. Verfasser: Šlavka, Peter, 1987- (Verfasst von)
Weitere Verfasser: Medvecký, Martin, 1968- (Betreuung Doktorarbeit)
Format: Manuskript Buch
Sprache:Slowakisch
Veröffentlicht: Bratislava : STU v Bratislave FEI, 2012
Schlagworte:
Online-Zugang:VAIS
Tags: Tag hinzufügen
Keine Tags, Fügen Sie das erste Tag hinzu!

MARC

LEADER 00000ntm a22000003a 4500
001 stu252077
005 20150617230227.5
008 120720s2012----xo------------------slo-d
040 |a STU  |b slo 
041 0 |a slo 
044 |a xo 
100 1 |a Šlavka, Peter,  |d 1987-  |4 aut  |u E  |T FEI Fakulta elektrotechniky a informatiky  |X 35687  |U E  |Y 30  |7 A000035687 
242 0 0 |a Portal for Internal Applications of Telecommunications Operator   |y eng 
245 1 |a Portál interných aplikácií telekomunikačného operátora 
260 |a Bratislava :  |b STU v Bratislave FEI,  |c 2012 
300 |a 66 s  |c 7 príl. 
650 7 |a Telecommunications  |2 estusub 
650 7 |a web application  |2 estusub 
700 1 |a Medvecký, Martin,  |d 1968-  |4 ths  |u E070  |U FEI Fakulta elektrotechniky a informatiky  |T FEI Ústav telekomunikácií  |X 1980  |U E070  |Y 818  |7 A000001980 
856 4 |a info a plný text  |u http://is.stuba.sk/zp/portal_zp.pl?podrobnosti=82109  |3 VAIS 
996 |b 284EP10260  |c E*DIPL-10260  |l EE37  |s P  |a 0  |w stu252077_0001